Statistics for Top 12 Indiana Pacers of All-Time

Click here to take the quiz!

General Stats

  • This quiz has been taken 17 times
  • The average score is 5 of 12

Answer Stats

# Player Win Shares % Correct
1Reggie Miller174.4
93%
11Paul George44.5
86%
4Rik Smits56.6
71%
3Dale Davis58.4
50%
8Danny Granger47.6
43%
10Jermaine O'Neal46.5
43%
T5Mel Daniels53.4
29%
2Roger Brown63.5
21%
T5Billy Knight53.4
14%
12Freddie Lewis43.2
7%
7Vern Fleming50.4
7%
9Jeff Foster47.5
7%

Score Distribution

Percentile by Number Answered

Percent of People with Each Score

Your Score History

You have not taken this quiz